00858 2200289 4500001002100000005001500021035002000036007000300056008004100059100002000100245012400120250001000244300003000254020002100284082001000305084001600315090002000331260004700351600001600398850001000414990002400424990002400448990002400472990002400496990002400520990002400544INLIS00000000000270420260601075219 a0010-0620000077ta260601 1 0 aLingga Labbaika1 aMengenal perjalanan nabi Muhammad SAW :bKisah Kehidupan Nabi Muhammad SAW Sejak Lahuir HIngga Wafat /cLingga Labbaika acet.1 a87 hlm. :bilus. ;c24 cm a978-602-8846-202 a297.9 a297.9 WAH m a297.9 WAH m 6-1 aTangerang :bLafaz Books Indonesia/,c2017 4aKomik Islam aPUPAD a34.626/DAK/DPK/2019 a34.625/DAK/DPK/2019 a34.627/DAK/DPK/2019 a34.628/DAK/DPK/2019 a34.627/DAK/DPK/2019 a34.628/DAK/DPK/2019